000 00751cam a22002653a 4500
001 27225
003 PGUSA
005 20140828083604.0
008 081110s2008||||xxu|||||s|||||000 1 eng d
040 _aPGUSA
_beng
042 _adc
050 4 _aPS
100 1 _aWarner, Anne,
_d1869-1913
245 1 2 _aA Woman's Will
_h[electronic resource] /
_cAnne Warner
260 _bProject Gutenberg,
_c2008
506 _aPublic domain in the USA.
516 _aElectronic text
653 _aAmericans -- Europe -- Fiction
653 _aWidows -- Fiction
653 _aTravel -- Fiction
700 1 _aCaliga, I. H.
_q(Isaac Henry),
_d1857-1934
830 0 _aProject Gutenberg
_v27225
856 4 0 _uhttp://www.gutenberg.org/ebooks/27225
942 _cEB
999 _c256480
_d256480